Dimensions of faith; (Record no. 4716)

MARC details
000 -LEADER
fixed length control field 00936cam a2200289I 4500
001 - CONTROL NUMBER
control field 21226
003 - CONTROL NUMBER IDENTIFIER
control field GBCCL
005 - DATE AND TIME OF LATEST TRANSACTION
control field 20241126110525.0
008 - FIXED-LENGTH DATA ELEMENTS--GENERAL INFORMATION
fixed length control field 720817s1960 nyu b 000 0 eng
010 ## -
-- 60008551 /L
015 ## -
-- GB61-2963
029 1# -
-- UKM
-- b6102963
035 ## - SYSTEM CONTROL NUMBER
System control number (OCoLC)00384331
040 ## - CATALOGING SOURCE
Original cataloging agency DLC
Transcribing agency WSU
Modifying agency OCL
-- SER
-- UKM
049 ## -
-- LBBK
050 0# -
-- BT10
-- .K5
082 ## - DEWEY DECIMAL CLASSIFICATION NUMBER
Classification number 230.082
Item number BAR
092 ## - LOCALLY ASSIGNED DEWEY CALL NUMBER (OCLC)
Classification number 230
Item number K49
100 1# - MAIN ENTRY--PERSONAL NAME
Personal name Kimmel, William Breyfogel,
Dates associated with a name 1908-
Relator term ed.
9 (RLIN) 8619
245 10 - TITLE STATEMENT
Title Dimensions of faith;
Remainder of title contemporary prophetic Protestant theology.
Statement of responsibility, etc. [By] Karl Barth [and others] edited by William Kimmel and Geoffrey Clive. With a foreword by James Luther Adams.
260 ## - PUBLICATION, DISTRIBUTION, ETC.
Place of publication, distribution, etc. New York,
Name of publisher, distributor, etc. Twayne Publishers
Date of publication, distribution, etc. [1960]
300 ## - PHYSICAL DESCRIPTION
Extent 507 p.
Dimensions 21 cm.
504 ## - BIBLIOGRAPHY, ETC. NOTE
Bibliography, etc. note Includes bibliography.
650 #0 - SUBJECT ADDED ENTRY--TOPICAL TERM
Topical term or geographic name entry element Theology, Doctrinal.
9 (RLIN) 14
700 10 - ADDED ENTRY--PERSONAL NAME
Personal name Clive, Geoffrey,
Dates associated with a name 1927-
Relator term joint ed.
9 (RLIN) 8620
942 ## - ADDED ENTRY ELEMENTS (KOHA)
Source of classification or shelving scheme Dewey Decimal Classification
Koha item type Books
Koha issues (borrowed), all copies 2
Holdings
Withdrawn status Lost status Source of classification or shelving scheme Damaged status Not for loan Home library Current Library Shelving location Date acquired Total checkouts Full call number Barcode Date last seen Date last checked out Copy number Price effective from Koha item type
    Dewey Decimal Classification     GRACE BIBLE COLLEGE GRACE BIBLE COLLEGE Theology 2018-02-02 2 230.082 BAR 007366 2025-05-01 2022-07-14 c.1 2018-02-02 Books
© Grace Bible College Library 2025